| 000 | 00804nam a22002177a 4500 | ||
|---|---|---|---|
| 999 |
_c12295 _d12295 |
||
| 003 | AR-CdUCM | ||
| 008 | 190408b ||||| |||| 00| 0 spa d | ||
| 040 |
_aMUNICIPALIDAD PROVINCIAL DEL CUSCO _cBIBLIOTECA MUNICIPAL DEL CUSCO |
||
| 082 |
_24ed. _a909 / _bSA18 /1890 |
||
| 100 |
_aSalazar, Manuel M. _929221 |
||
| 245 |
_aCompendio de la historia Griega : _bpara los colegios de instrucción media / |
||
| 260 |
_aLima : _bBenito Gil, _c1890. |
||
| 300 |
_a81 paginas ; _c15 cm. |
||
| 500 | _aDedicatoria | ||
| 505 | _aContenido : Geografía histórica de la Grecia -- Tiempos primitivos -- Atenas-Legislación de Solon -- Estados secundarios de la Grecia | ||
| 650 |
_aGrecia _92521 |
||
| 650 |
_aGeografía _9318 |
||
| 650 |
_aLimites _919285 |
||
| 942 |
_2ddc _cLIBROS |
||
| 945 |
_awnts _d2019-04-08 |
||